Catálogo
 En Linea

Naturalistas de Istmo de Panamá : (Registro nro. 11557)

Detalles MARC
000 -CABECERA
campo de control de longitud fija 00986cam a2200241 a 4500
001 - NÚMERO DE CONTROL
campo de control 000011885
005 - FECHA Y HORA DE LA ÚLTIMA TRANSACCIÓN
campo de control 20200929162614.0
008 - DATOS DE LONGITUD FIJA--INFORMACIÓN GENERAL
campo de control de longitud fija 980918s1998 pn ab b 001 0cspa
020 ## - NÚMERO INTERNACIONAL ESTÁNDAR DEL LIBRO
Número Internacional Estándar del Libro 9962890101
040 ## - FUENTE DE LA CATALOGACIÓN
Centro catalogador/agencia de origen DO-SdBNP
Lengua de catalogación spa
Centro/agencia transcriptor DLC
Centro/agencia modificador BNPHU
082 ## - NÚMERO DE LA CLASIFICACIÓN DECIMAL DEWEY
Número de clasificación 500.97287
Número de documento/Ítem H448n
049 ## - FONDOS LOCALES (OCLC)
Fondos de biblioteca BNGR
100 1# - ENTRADA PRINCIPAL--NOMBRE DE PERSONA
Nombre de persona Heckadon-Moreno, Stanley.
Numeración 1943-
9 (RLIN) 28094
245 10 - MENCIÓN DE TÍTULO
Título Naturalistas de Istmo de Panamá :
Resto del título un siglo de historia natural sobre el puente biológico de las Américas /
Mención de responsabilidad, etc. Stanley Heckadon-Moreno.
260 ## - PUBLICACIÓN, DISTRIBUCIÓN, ETC.
Lugar de publicación, distribución, etc. Panamá :
Nombre del editor, distribuidor, etc. Instituto Smithsonian de Investigaciones Tropicales,
-- Fundación Santillana para Iberoamérica,
Fecha de publicación, distribución, etc. 1998.
300 ## - DESCRIPCIÓN FÍSICA
Extensión 215 p. :
Otras características físicas il., maps ;
Dimensiones 21 cm.
504 ## - NOTA DE BIBLIOGRAFÍA, ETC.
Nota de bibliografía, etc. Incluye referencias bibliográficas.
650 #4 - PUNTO DE ACCESO ADICIONAL DE MATERIA--TÉRMINO DE MATERIA
Término de materia o nombre geográfico como elemento de entrada Historia natural
Subdivisión geográfica Panamá
9 (RLIN) 28095
650 #4 - PUNTO DE ACCESO ADICIONAL DE MATERIA--TÉRMINO DE MATERIA
Término de materia o nombre geográfico como elemento de entrada Naturistas
Subdivisión geográfica Panamá
9 (RLIN) 28096
710 2# - PUNTO DE ACCESO ADICIONAL--NOMBRE DE ENTIDAD CORPORATIVA
Nombre de entidad corporativa o nombre de jurisdicción como elemento de entrada Smithsonian Tropical Research Institute.
9 (RLIN) 28097
710 2# - PUNTO DE ACCESO ADICIONAL--NOMBRE DE ENTIDAD CORPORATIVA
Nombre de entidad corporativa o nombre de jurisdicción como elemento de entrada Fundación Santillana para Iberoamérica.
9 (RLIN) 28098
910 ## - DATOS DE OPCIÓN DEL USUARIO (OCLC)
Datos de opción del usuario Catalogación por copia / LC
Existencias
Estado de retiro Estado de pérdida Restricciones de uso No para préstamo Código de colección Localización permanente Ubicación/localización actual Ubicación en estantería Fecha de adquisición Número de inventario Total de préstamos Signatura topográfica completa Código de barras Fecha visto por última vez Precio válido a partir de Tipo de ítem Koha
    Préstamo interno   Monografías: Libros y Folletos General General En catalogación 29.10.2009 LF1   500.97287 H448n 11885-10 25.06.2020 25.06.2020 Préstamo interno

Con tecnología Koha